| 000 | 01333nam0a2200289 4500 | ||
|---|---|---|---|
| 001 | RU\NLR\bibl\1735194 | ||
| 005 | 20260405224911.0 | ||
| 010 |
_a978-5-9768-0035-9 _9250 |
||
| 021 |
_aRU _b2011-2818 _9189 |
||
| 035 | _a(NLR Aleph) 001726128 | ||
| 090 |
_a1370360 _c1370360 |
||
| 100 | _a20110211d2010 |||y0rusy50 ca | ||
| 101 | 0 | _arus | |
| 102 | _aRU | ||
| 105 | _aa ||||||||| | ||
| 200 | 1 |
_aМетодология формирования стратегического потенциала устойчивого развития экономики агропромышленного комплекса Чеченской Республики _fР. С.-А. Маккаева |
|
| 210 |
_aМосква _cМеждународный институт Системной организации науки _d2010 |
||
| 215 |
_a146 с. _cил. _d20 |
||
| 320 | _aБиблиогр.: с. 132-143 (144 назв.) | ||
| 606 | 1 |
_aАгропромышленные комплексы _yЧеченская Республика _92624198 _3RU\NLR\auth\661560758 |
|
| 686 | _aУ32(2)-434(2Р-6Че) | ||
| 700 | 1 |
_4070 _8rus _7ca _aМаккаева _bР. С.-А. _gРазет Сайд-Аминовна _3RU\NLR\auth\77102974 _985900 |
|
| 801 | 0 |
_aRU _bNLR _c20110211 _gRCR |
|
| 801 | 1 |
_aRU _bNLR _c20110211 |
|
| 942 | _cBOOK | ||
| 980 | _aNB | ||